000 00609nam a2200217 i 4500
001 91902
003 ES-MaACL
005 20250911062831.0
007 t|
008 050303s2004 sp ||||1| spa d
020 _a84-7522-571-3
080 _a821.134.2-14"19"
100 1 _aCabrera, Antonio.
_933278
245 1 0 _aCon el aire /
_cAntonio Cabrera.
260 _aMadrid :
_bVisor Libros,
_c[2004]
300 _a80 p. ;
_c20 cm.
490 1 _aColección Visor de poesía ;
_v571
830 0 _aColección Visor de poesía
_v571
_9177331
852 _aES-MaACL
_jL-28949
_bR.135466
999 _c91902
_d91902